000 00635nam a2200253Ia 4500
003 OSt
005 20221007104242.0
006 a|||||r|||| 00| 0
007 ta
008 221006b |||||||| |||| 00| 0 eng d
024 _a15,322
037 _cTextual
040 _aLCO
_cLCO
_beng
041 _2eng
_aeng
082 _aZ3,91, J9
100 _aHart H.L.A.
245 0 _aCausation in the Law
260 _aLondon
_bOxford University Press UK
_c1959
300 _a454
650 _aCAUSATION
700 _a Honore A.M
942 _hZ3,91, J9
_cTEXL
999 _c1184885
_d1184885